000 00399nam a22001217a 4500
082 _a200 THE
100 _aawar Rasheed
_973183
245 _aTH-SOF-1776-A Novel Model Driven Integrated Security Framework Enabling Fixed Shape Object Recognition
260 _aISLAMABAD
_bNUST COLLEGE OF EME
_c2020
650 _aMS-CSE-18
_973184
700 _aSupervisor Dr. Muhammad Abbas
_972592
942 _cCF
_2ddc
999 _c579011
_d579011